000 00356cam a2200157ua 4500
020 _a8122501303
082 _a637.14
_bTUF/DA
100 _aTufail, Ahmad .
_93154
245 _aDairy plant engineering and management /
250 _a8 /
260 _aAllahabad :
_bKitab Mahal ,
_c1990.
_c2012
300 _a512 ; .
942 _cBK
999 _c98
_d98
003 @
003 OSt